000 00767nam a22002297a 4500
001 3539
003 FISKH
005 20240318100256.0
008 240318b cb ||||| |||| 00| 0 eng d
040 _aFISK
_beng
_cFISK
_dFISK
050 _aPZ7.H1824
100 _aHamilton K. R.
_d1958-
245 _aAdam straight to the rescue /
_cK. R. Hamilton
260 _aEngland :
_bK. R. Hamilton
_c1991
300 _a96 pages :
_billustrations,
_c20 cm
505 _aK
520 _aOn a camping trip in New Mexico, ten-year-old Adam Straight finds that he likes his new stepfather and stepbrother but needs God's help in adjusting to his stepsister.
521 8 _aestimates
_bLexiles
700 _aK. R. Hamilton
942 _2ddc
_cBK
_n0
999 _c3539
_d3539